000 00556 a2200193 4500
005 20240516144030.0
010 _aB-759074
020 _a005511035017
035 _aB-759074
037 _bGift/Unesco
082 _a005.133
245 _aCA-Clipper Programming and Utilities Guide/
260 _aNew York
_bComputer Associates International ,inc
_c1995
270 _aNew York
_bNew York
300 _a353p.
_c23cm (Pb)
700 _966089
942 _adpl
_cEN
_2ddc
_h005.133
_mCAC
999 _c202903
_d202903